| 000 | 01492nam a22002057a 4500 | ||
|---|---|---|---|
| 003 | BD-DhJNU | ||
| 005 | 20260122034053.0 | ||
| 008 | 260122b |||||||| |||| 00| 0 eng d | ||
| 040 |
_aBD-DhJNU _bENG _cBD-DhJNU _dBD-DhJNU |
||
| 082 |
_223 _a342.5492 GON |
||
| 110 | _aগণপ্রজাতন্ত্রী বাংলাদেশ সরকার : লেজিসলেটিভ ও সংসদ বিষয়ক বিভাগ : আইন, বিচার ও সংসদ বিষয়ক মন্ত্রণালয় | ||
| 242 | _aThe Constitution of the People's Republic of Bangladesh - 2016 | ||
| 245 |
_aগণপ্রজাতন্ত্রী বাংলাদেশের সংবিধান - ২০১৬ / _cআইন, বিচার ও সংসদ বিষয়ক মন্ত্রণালয় (কর্পোরেট লেখক) |
||
| 246 | _aGonoprjatontri Bangladesh sonbidhan 2016 | ||
| 260 |
_aঢাকা ঃ _bলেজিসলেটিভ ও সংসদ বিষয়ক বিভাগ, _c2016. |
||
| 300 |
_avii, ২২৫ পৃ. ঃ _bচিত্র ; _c২৫ সেমি.। |
||
| 650 |
_aConstitution _vBangladesh |
||
| 710 | _aগণপ্রজাতন্ত্রী বাংলাদেশ সরকার : লেজিসলেটিভ ও সংসদ বিষয়ক বিভাগ : আইন, বিচার ও সংসদ বিষয়ক মন্ত্রণালয় | ||
| 942 |
_2ddc _cBK _n0 |
||
| 999 |
_c2552 _d2552 |
||